Personnages connus Moyen-Orient XXème-XXIème - Statistiques

Statistiques générales
  • Ce quiz a été pris 38 fois
  • Le résultat moyen est 11 sur 33
Statistiques - réponses
Par images Hint Réponse % Correct
Syrie Bachar El-Assad
94%
Palestine Yasser Arafat
91%
Syrie Hafez El-Assad
81%
Irak Saddam Hussein
81%
Egypte Gamal Abdel Nasser
78%
Jordanie Hussein I
75%
Iran Khomeini
72%
Israël David Ben Gourion
66%
Turquie Mustafa Kemal
56%
Egypte Anouar El-Sadate
53%
Iran Mossadegh
44%
Arabie Saoudite Abdelaziz Ibn Saoud
41%
Egypte Hosni Moubarak
41%
Syrie - Irak Faycal I
38%
Egypte Farouk I
28%
Palestine Mohamed Al-Husseini
25%
Iran Mohammad Reza Pahlavi
22%
Liban Camille Chamoun
19%
Irak Abdel Karim Kassem
16%
Israël Menahem Begin
16%
Liban Fouad Chehab
13%
Egypte Mohammed Naguib
9%
Turquie Ismet Inönü
6%
Iran Mahmoud Ahmadinejad
6%
Egypte Mohamed Morsi
6%
Iran Mohammad Khatami
6%
Liban Charles Hélou
3%
Syrie Hachem Al-Atassi
3%
Koweit Jaber III
3%
Yémen Mohammed Al-Badr
3%
Irak Nouri al-Maliki
3%
Iran Choukri al-Kouatli
0%
Syrie Haydar al-Kouzbari
0%
Aucun quiz correspondant
Distribution des résultats
% des personnes avec chaque résultat
Percentile par nombre de réponses
Votre historique - résultats
Vous n’avez pas pris ce quiz